Моделирование промышленных объектов и систем управления на примере производства фтора. Ч. 1: учебное пособие; Моделирование промышленных объектов и систем управления на примере производства фтора

Бібліографічні деталі
Parent link:Моделирование промышленных объектов и систем управления на примере производства фтора: учебное пособие/ С. Н. Ливенцов, О. В. Егорова, Н. В. Ливенцова; Национальный исследовательский Томский политехнический университет (ТПУ), Физико-технический институт (ФТИ), Кафедра электроники и автоматики физических установок (№ 24) (ЭАФУ). Ч. 1.— , 2014
Автор: Ливенцов С. Н. Сергей Николаевич
Співавтор: Национальный исследовательский Томский политехнический университет
Інші автори: Егорова О. В. Ольга Викторовна, Ливенцова Н. В. Нина Владимировна
Резюме:Заглавие с титульного экрана
Режим доступа: из корпоративной сети ТПУ
Мова:Російська
Опубліковано: Томск, Изд-во ТПУ, 2014
Предмети:
Онлайн доступ:http://www.lib.tpu.ru/fulltext2/m/2015/m242.pdf
Формат: Електронний ресурс Книга
KOHA link:https://koha.lib.tpu.ru/cgi-bin/koha/opac-detail.pl?biblionumber=301781

MARC

LEADER 00000nam0a2200000 4500
001 301781
005 20250610164828.0
035 |a (RuTPU)RU\TPU\book\326958 
090 |a 301781 
100 |a 20150813d2014 m y0rusy50 ca 
101 0 |a rus 
102 |a RU 
105 |a a j 001zy 
135 |a drcn ---uucaa 
200 1 |a Моделирование промышленных объектов и систем управления на примере производства фтора. Ч. 1  |e учебное пособие  |f С. Н. Ливенцов, О. В. Егорова, Н. В. Ливенцова  |g Национальный исследовательский Томский политехнический университет (ТПУ), Физико-технический институт (ФТИ), Кафедра электроники и автоматики физических установок (№ 24) (ЭАФУ) 
210 |d 2014  |a Томск  |c Изд-во ТПУ 
300 |a Заглавие с титульного экрана 
333 |a Режим доступа: из корпоративной сети ТПУ 
337 |a Adobe Reader 
461 1 |0 (RuTPU)RU\TPU\book\326957  |t Моделирование промышленных объектов и систем управления на примере производства фтора  |o учебное пособие  |f С. Н. Ливенцов, О. В. Егорова, Н. В. Ливенцова  |g Национальный исследовательский Томский политехнический университет (ТПУ), Физико-технический институт (ФТИ), Кафедра электроники и автоматики физических установок (№ 24) (ЭАФУ)  |v Ч. 1  |d 2014 
606 1 |a Промышленные предприятия  |x Управление  |x Моделирование  |2 stltpush  |3 (RuTPU)RU\TPU\subj\52702  |9 71105 
606 1 |a Фтор,соединения  |x Производство  |2 stltpush  |3 (RuTPU)RU\TPU\subj\32144  |9 54791 
610 1 |a электронный ресурс 
610 1 |a учебные пособия 
610 1 |a труды учёных ТПУ 
610 1 |a инженеры-физики 
610 1 |a моделирование 
610 1 |a технологические процессы 
610 1 |a разработка 
610 1 |a системы управления 
610 1 |a компьютерные тренажеры 
610 1 |a модели 
610 1 |a производство 
610 1 |a фтор 
675 |a 658.012(075.8)  |v 3 
675 |a 661.48(075.8)  |v 3 
700 1 |a Ливенцов  |b С. Н.  |c специалист в области автоматического управления  |c профессор Томского политехнического университета, доктор технических наук  |f 1955-  |g Сергей Николаевич  |9 11406 
701 1 |a Егорова  |b О. В.  |c специалист в области автоматики и электроники  |c старший преподаватель Томского политехнического университета  |f 1981-  |g Ольга Викторовна  |9 15237 
701 1 |a Ливенцова  |b Н. В.  |c специалист в области автоматического управления  |c доцент Томского политехнического университета, кандидат технических наук  |f 1979-  |g Нина Владимировна  |9 11753 
712 0 2 |a Национальный исследовательский Томский политехнический университет  |c (2009- )  |9 26305 
801 1 |a RU  |b 63413507  |c 20140617 
801 2 |a RU  |b 63413507  |c 20150813  |g RCR 
850 |a 63413507 
856 4 |u http://www.lib.tpu.ru/fulltext2/m/2015/m242.pdf 
942 |c CF